000 00596nam a2200205Ia 4500
003 OSt
005 20220925232536.0
006 a|||||r|||| 00| 0
007 ta
008 220923b |||||||| |||| 00| 0 eng d
037 _cGeneral Book
040 _aRTL
_cRTL
_beng
041 _2eng
_aeng
082 _aX9(M7): (B28). N96 - N95, N6
245 0 _aBasic textile statistics for 1995-96,
260 _aMumbai
_bOffice of the textile Commissioner
_c1996
300 _a22p.
_ccm.
942 _hX9(M7): (B28). N96 - N95, N6
_cGB
_2CC
999 _c591571
_d591571